Monitoreo estadístico de procesos batch : aplicaciones a reactores de polimerización /

Guardado en:
Autor Principal: Alvarez Medina, Carlos Rodrigo.
Autor Corporativo: Universidad Nacional del Sur. Departamento de Ingeniería Química.
Otros Autores: Sánchez, Mabel Cristina., Brandolin, Adriana.
Formato: Manuscrito
Idioma:Spanish
Publicado: 2009.
Materias:
Etiquetas: Agregar Etiqueta
Sin Etiquetas, Sea el primero en etiquetar este registro!
LEADER 01219ntm a22002655a 4500
001 EIQ.libpla004215
008 090804s2009####ag#a#####bm###000#0#spa#d
005 20121010164841.0
245 1 0 |a Monitoreo estadístico de procesos batch :  |b aplicaciones a reactores de polimerización /  |c Carlos Rodrigo Alvarez Medina. 
260 |c 2009. 
300 |a ix, 265 p. :  |b il. (algunas col.) ;  |c 21 cm. 
500 |a "Tesis de Doctor en Ingeniería Química". 
502 |a Tesis (doctoral)--Universidad Nacional del Sur. Departamento de Ingeniería Química, 2009. 
500 |a Director de tesis: Mabel Cristina Sánchez y Adriana Brandolin. 
504 |a Incluye referencias bibliográficas al final del texto. 
530 |a Disponible también en formato digital. 
100 1 |a Alvarez Medina, Carlos Rodrigo. 
700 1 |a Sánchez, Mabel Cristina. 
700 1 |a Brandolin, Adriana. 
710 2 |a Universidad Nacional del Sur.  |b Departamento de Ingeniería Química. 
082 0 4 |a 658.562  |2 21 
650 7 |a Control estadístico multivariable  |x Procesos batch  |x Polimerización 
650 7 |a Multivariable statistic control  |x Batch process  |x Polimerization 
040 |a AR-BbSID 
859 |a AR-BbSID  |b BIB. PLAPIQUI  |h 658.562  |i Al86  |p 6142